00342pab a2200133 454500008004000000100002600040245005100066260000900117300001200126362001100138650001800149650002100167773002000188180718b2010 xxu||||| |||| 00| 0 eng d aAide, Santiago Acosta aValues and virtues in the era of globalization c2010 ap.6-11. a27 Sep aGlobalization aValues education aUniversity News